Central Library OPAC University of Rajshahi

Rural social systems and adult education : (Record no. 34053)

MARC details
000 -LEADER
fixed length control field 01043nam a2200253 4500
001 - CONTROL NUMBER
control field 34053
003 - CONTROL NUMBER IDENTIFIER
rucl marc code BD-RjUL
005 - DATE AND TIME OF LATEST TRANSACTION
control field 20211209052111.0
008 - FIXED-LENGTH DATA ELEMENTS--GENERAL INFORMATION
fixed length control field 140514s1953 miuab b 00000 eng
035 ## - SYSTEM CONTROL NUMBER
System control number (BD-RjUL)34147
040 ## - CATALOGING SOURCE
Transcribing agency WaPS
Modifying agency BD-RjUL
Original cataloging agency WaPS
Language of cataloging eng
041 ## - LANGUAGE CODE
Language code of text/sound track or separate title eng
082 00 - DEWEY DECIMAL CLASSIFICATION NUMBER
Classification number 374
Author mark and year RUR 1953
245 00 - TITLE STATEMENT
Title Rural social systems and adult education :
Remainder of title a committee report /
Statement of responsibility, etc. by Charles P. Loomis, chairman, J. Allan Beegle, editor, Olen E. Leonard [and others] resulting from a study sponsored by the Association of Land Grant Colleges and Universities and the Fund for Adult Education established by the Ford Foundation.
260 0# - PUBLICATION, DISTRIBUTION, ETC. (IMPRINT)
Place of publication, distribution, etc. East Lansing :
Name of publisher, distributor, etc. Michigan State College Press,
Date of publication, distribution, etc. c1953.
300 ## - PHYSICAL DESCRIPTION
Pagination viii, 392 p. :
Illustrations ill. ;
Size 24 cm.
504 ## - BIBLIOGRAPHY, ETC. NOTE
Bibliography, etc Includes bibliographies.
650 #0 - SUBJECT ADDED ENTRY--TOPICAL TERM
Topical term or geographic name as entry element Adult education.
9 (RLIN) 103844
Topical term or geographic name as entry element Sociology, Rural.
9 (RLIN) 103845
700 10 - ADDED ENTRY--PERSONAL NAME
Personal name Loomis, Charles P.
Fuller form of name (Charles Price),
Dates associated with a name 1905-
Personal name Beegle, Joseph Allan,
Dates associated with a name 1918-
Relator term ed.
942 ## - ADDED ENTRY ELEMENTS (KOHA)
Source of classification or shelving scheme Dewey Decimal Classification
Koha item type Books
Holdings
Lost status Source of classification or shelving scheme Damaged status Not for loan Collection code Permanent Location Current Location Shelving location Date acquired Source of acquisition Cost, normal purchase price Total Checkouts Full call number Date last seen Copy number Koha item type
  Dewey Decimal Classification     Non-fiction Central Library, University of Rajshahi Central Library, University of Rajshahi   19/09/1972 Zeitlinger 1.85   374 RUR 1953 14/05/2014 C-3 Books
  Dewey Decimal Classification     Non-fiction Central Library, University of Rajshahi Central Library, University of Rajshahi   19/09/1972 Zeitlinger 1.85   374 RUR 1953 03/08/2016 C-4 Books
  Dewey Decimal Classification   Not For Loan Non-fiction Central Library, University of Rajshahi Central Library, University of Rajshahi Reading Room 19/09/1972 Zeitlinger 1.85   374 RUR 1953 10/12/2016 C-1 Books